000 00328nam a22001457a 4500
003 OSt
008 250519b |||||||| |||| 00| 0 eng d
100 _aSHASTRI, Omprakash
245 _aPrarthna Parbodh
250 _a11th
260 _aNew Delhi
_bArya Prakashan
_c2011
300 _a56
650 _aGeneral
942 _2ddc
_cBK
999 _c13592
_d13592